000 00328nam a2200133Ia 4500
008 240624s9999 xx 000 0 und d
041 _aeng
082 _a658.3 PHI
100 _aPHILLIPS JEAN M
245 _aSTRATEGIC STAFFING
260 _c2009
_aNew Delhi
_bPearson Education India
300 _a448 : p.
365 _cRS
_b27.5
999 _c21805
_d21805